Score 0/22 Timer 03:00
0 Plays Today
Word % Correct
PETS
93.4%
VETS
93%
OATS
89.4%
VETO
89.3%
OATH
86.3%
PATS
85.5%
MATE
81.6%
MATH
76.1%
NOTE
74.2%
VOTE
71.7%
NATE
71%
Word % Correct
GRAIN
62.1%
GROIN
61.9%
GREAT
61.2%
GROAN
57.7%
TRIAL
54.7%
TRAIN
48.7%
TREAT
45.2%
GROAT
44.6%
TRAIL
31.3%
TRIAD
29.7%
TREAD
24.1%

Today's Daily Dose

Remove Ads.
Support Sporcle.
Get the best of Sporcle when you Go Orange. This ad-free experience offers more features, more stats, and more fun while also helping to support Sporcle. Thank you for becoming a member.

You're not logged in!

Compare scores with friends on all Sporcle quizzes.
OR
Log In

Show Comments

Extras

Top Quizzes Today


Score Distribution

Your Account Isn't Verified!

In order to create a playlist on Sporcle, you need to verify the email address you used during registration. Go to your Sporcle Settings to finish the process.

Report this User

Report this user for behavior that violates our Community Guidelines.

Details: